El pensamiento del afuera

Spremljeno u:
Bibliografski detalji
Glavni autor: Foucault, Michel (Autor)
Format: Knjiga
Jezik:španjolski
Izdano: Valencia Pre-Textos 2000
Izdanje:5a. ed
Serija:Pre-Textos-Ensayo
Teme:
Oznake: Dodaj oznaku
Bez oznaka, Budi prvi tko označuje ovaj zapis!

MARC

LEADER 00000nam a2200000 a 4500
001 UCL9467
003 CL-VaPUC
008 040806e20000000SP |||||||||||||||||spa|d
020 |a 8485081919 
082 0 4 |a 808.3  |b FOU  |2 21 
100 |a Foucault, Michel  |e author  |9 257945 
245 1 3 |a El pensamiento del afuera 
250 |a 5a. ed 
300 |a 82 p 
942 |c BK 
945 |d 20040806 00:00:00  |a cmena 
260 |a Valencia  |b Pre-Textos  |c 2000 
650 0 |a Retórica   |9 266620 
650 0 |a Filosofía del lenguaje  |9 257082 
650 0 |a Análisis del discurso  |9 256696 
650 0 |a Crítica e interpretación literaria  |9 266284 
650 0 |a Semántica  |9 265318 
650 0 |a Filosofía (contemporánea)  |y S.XX (Siglo 20)  |9 267050 
583 |a last modification  |c 20040806 00:00:00  |k Rodrigo Vera 
490 0 |a Pre-Textos-Ensayo 
999 |c 310235  |d 310233 
952 |0 0  |1 0  |4 0  |6 808_300000000000000_FOU_2000  |7 0  |8 A  |9 378512  |a BIBEDU  |b BIBEDU  |d 2019-11-21  |i 4047214  |o 808.3 FOU 2000  |p 4047214  |r 2019-11-21  |w 2019-11-21  |y BK  |k FIL